Malcolm McDowell Filmography - Statistics

General Stats
  • This quiz has been taken 60 times
    6 since last reset
  • The average score is 83 of 342
Answer Stats
Type Year Name % Correct
Film 1971 A Clockwork Orange
80%
Film 1968 if....
80%
Film 1979 Caligula
60%
Film 2007 Halloween
60%
Film 1996 2103: The Deadly Wake
40%
Film 2016 31
40%
Film 1976 Aces High
40%
Film 2012 Antiviral
40%
Film 1997 Asylum
40%
TV Show 1995 Batman: The Animated Series
40%
Film 2002 Between Strangers
40%
Film 2021 Blood on the Crown
40%
Film 1983 Blue Thunder
40%
Film 2004 Bobby Jones: Stroke of Genius
40%
Film 2008 Bolt
40%
Video Game 2009 Bolt
40%
Film 1993 Bopha!
40%
Film 1982 Britannia Hospital
40%
Film 1988 Buy & Cell
40%
Film 1982 Cat People
40%
Film 1992 Chain of Desire
40%
Film 1990 Class of 1999
40%
Film 2018 Corbin Nash
40%
Film 1983 Cross Creek
40%
TV Show 2010, 2012 CSI: Miami
40%
Film 2006 Cut Off
40%
Film 1990 Disturbed
40%
Film 2004 Evilenko
40%
Film 2012 Excision
40%
Film 2007 Exitz
40%
Film 1995 Exquisite Tenderness
40%
Film 1970 Figures in a Landscape
40%
Film 1995 Fist of the North Star
40%
Film 2000 Gangster No. 1
40%
Film 1983 Get Crazy
40%
TV Film 1985 Gulag
40%
Film 2009 Halloween II
40%
Film 1989 Happily Ever After
40%
Film 2004 Hidalgo
40%
Film 1997 Hugo Pool
40%
Film 2003 I'll Sleep When I'm Dead
40%
Film 1989 Il Maestro
40%
Film 1990 In the Eye of the Snake
40%
Film 2002 I-SPY
40%
Film 1990 Jezebel's Kiss
40%
Film 2001 Just Visiting
40%
Film 1995 Kids of the Round Table
40%
Film 2015 Kids vs Monsters
40%
Film 1980 Look Back in Anger
40%
Theater 1980 Look Back in Anger
40%
Film 1999 Love Lies Bleeding
40%
Film 1994 Milk Money
40%
Film 2005 Mirror Wars: Reflection One
40%
TV Show 2006 Monk
40%
Film 1990 Moon 44
40%
Web Series 2014-2018 Mozart in the Jungle
40%
Film 1997 Mr. Magoo
40%
Film 1999 My Life So Far
40%
Film 1995 Night Train to Venice
40%
Film 1973 O Lucky Man!
40%
Film 2004 Pact with the Devil
40%
TV Show 1996-1997 Pearl
40%
Film 2010 Pound of Flesh
40%
TV Film 2001 Princess of Thieves
40%
Film 2003 Red Roses and Petrol
40%
Film 1996 Ringer
40%
Film 1975 Royal Flash
40%
Film 2013 Sanitarium
40%
TV Show 1980 Saturday Night Live
40%
Film 1999 Southern Cross
40%
TV Show 1996 Spider-Man: The Animated Series
40%
Film 1994 Star Trek Generations
40%
Video Game 1997 Star Trek Generations
40%
Film 2009 Suck
40%
Film 2010 Suing the Devil
40%
Film 1988 Sunset
40%
Video Game 1999 Superman
40%
Video Game 2002 Superman: Shadow of Apokolips
40%
TV Show 1996-1999 Superman: The Animated Series
40%
Video Game 1999 Superman: The New Superman Adventures
40%
Film 1995 Tank Girl
40%
Film 2004 Tempesta
40%
Film 2003 Tempo
40%
Film 2011 The Artist
40%
Film 1991 The Assassin of the Tsar
40%
Film 2001 The Barber
40%
Film 1987 The Caller
40%
Film 2013 The Employer
40%
Film 1998 The First 9½ Weeks
40%
Film 1998 The Gardener
40%
Film 2007 The List
40%
TV Show 2010-2013 The Mentalist
40%
Film 1979 The Passage
40%
Film 1992 The Player
40%
Film 1971 The Raging Moon
40%
Film 1979 Time After Time
40%
Film 2012 Vamps
40%
Film 1993 Vent D'est
40%
Film 1976 Voyage of the Damned
40%
Film 1996 Where Truth Lies
40%
Film 1999 Y2K
40%
Podcast 2022 12 Ghosts
20%
Film 2018 Abnormal Attraction
20%
TV Show 1997 Adventures from the Book of Virtues
20%
Film 2012 A Green Story
20%
TV Show 1994 Aladdin
20%
Film 2017 American Satan
20%
Film 2025 A Natural Selection
20%
Theater 1993 Another Time
20%
Documentary 2021 A Wonderful Kingdom
20%
Film 2010 Barry Munday
20%
Film 2015 Bereave
20%
TV Show 1977 Beryl Reid
20%
TV Show 1996 Biker Mice from Mars
20%
Film TBA Blood & Ink
20%
Documentary 2008 Blue Gold: World Water Wars
20%
Film 2019 Bombshell
20%
TV Show 1967 Boy Meets Girl
20%
Short Film 2006 Bye Bye Benjamin
20%
Video Game 2015 Call of Duty: Black Ops III
20%
TV Film 1999 Can of Worms
20%
TV Show 1993, 1995 Captain Planet and the Planeteers
20%
TV Show 1996-1997 Captain Simian & the Space Monkeys
20%
Web Series 2021 Castlevania
20%
Film 2024 Cellphone
20%
TV Show 2004 ChalkZone
20%
Video Game 2004 Champions of Norrath: Realms of EverQuest
20%
TV Show 2018 Chicago Med
20%
TV Film 2008 Coco Chanel
20%
Video Game 2009 Command & Conquer: Red Alert 3 - Uprising
20%
TV Show 2013 Community
20%
Film 2025 Conspiracy of Fear
20%
Short Film 2015 Cowboys & Engines
20%
Film TBA Criminality
20%
TV Show 1964 Crossroads
20%
Film 2017 Culture of Fear
20%
Film 1994 Cyborg 3: The Recycler
20%
Film 1995 Dangerous Indiscretion
20%
Short Film 2010 DC Showcase: Green Arrow
20%
Film 2017 Death Race 2050
20%
Film 2008 Delgo
20%
Film 2005 Dinotopia: Quest for the Ruby Sunstone
20%
Film TBA Dirt
20%
TV Show 1967 Dixon of Dock Green
20%
Film TBA Dog & Bull
20%
Film 2008 Doomsday
20%
Film 2017 Dreams I Never Had
20%
Film 2015 Dusha Shpiona
20%
Film 2010 easy A
20%
Short Film 2014 Elwood
20%
TV Show 1967 Emergency-Ward 10
20%
Theater 1975 Entertaining Mr. Sloane
20%
TV Show 2005-2011 Entourage
20%
Film 2023 Et Tu
20%
Film TBA Ever After
20%
Web Series 2023 Everybody Loves Diamonds
20%
TV Show 1983 Faerie Tale Theatre
20%
Video Game 2008 Fallout 3
20%
TV Show 1998-1999 Fantasy Island
20%
TV Film 2002 Fantasy Island
20%
Film 1995 Fatal Pursuit
20%
Film 2022 Father Stu
20%
TV Mini-Series 2002 Firestarter: Rekindled
20%
Film 2013 First Platoon
20%
TV Show 2011-2014 Franklin & Bash
20%
TV Show 1994 Frasier
20%
Film 2014 Free Fall
20%
Film 2020 Free Lunch Express
20%
Video Game 2010 God of War III
20%
Film 2010 Golf in the Kingdom
20%
Video Game 2016 Gorod Krovi
20%
Web Series 2021-2023 Gossip Girl
20%
TV Show 1976 Great Performances
20%
Film 2017 Grow House
20%
Theater 1966 Hamlet
20%
Theater 1965-1966 Henry V
20%
TV Show 2007-2008 Heroes
20%
TV Show 2010-2012 Hero Factory
20%
Theater 1987 Holiday
20%
TV Film 2012 Home Alone: The Holiday Heist
20%
Theater 1987 Hunting Cockroaches
20%
Theater 1984 In Celebration
20%
Film 2003 Inhabited
20%
Film 2000 Island of the Dead
20%
TV Show 2015 Jake and the Never Land Pirates
20%
TV Show 2017 Jeff & Some Aliens
20%
TV Show 2005 Justice League Unlimited
20%
Video Game 2011 Killzone 3
20%
TV Show 1966 Knock on Any Door
20%
TV Show 2012 Kung Fu Panda: Legends of Awesomeness
20%
Film 2015 Lady Psycho Killer
20%
Film 2011 L.A., I Hate You
20%
TV Show 2011 LA Phil Live
20%
Film TBA Last Train to Fortune
20%
TV Show 2006 Law & Order: Criminal Intent
20%
TV Show 1997 Lexx
20%
TV Show 1967 Love Story
20%
Theater 1964 Macbeth
20%
Film 1990 Maggio Musicale
20%
TV Show 2007 Masters of Science Fiction
20%
Film 2013 Meet the Small Potatoes
20%
TV Film 1985 Merlin and the Sword
20%
TV Show 2007-2012 Metalocalypse
20%
TV Film 2013 Metalocalypse: The Doomstar Requiem
20%
Film 2014 Mischief Night
20%
Film 2017 Mississippi Murder
20%
Short Film 2010 Monster Butler
20%
TV Mini-Series 1986 Monte Carlo
20%
Film 1989 Mortacci
20%
Film 2022 Moving On
20%
Video Game 1996 Mummy: Tomb of the Pharaoh
20%
Documentary 2007 Never Apologize
20%
TV Show 2002 Night Visions
20%
Short Film 2011 No Rest for the Wicked: A Basil & Moebius Adventure
20%
Short Film 2015 Oceanus: Act One
20%
TV Mini-Series 1996 Our Friends in the North
20%
TV Show 2008-2014 Phineas and Ferb
20%
TV Show 2004 Pinocchio 3000
20%
TV Short 2010 Pom Wonderful
20%
TV Show 2011 Psych
20%
Film 2021 Pups Alone
20%
Film 2005 Rag Tale
20%
Theater 1966 Richard III
20%
Film 2013 Richard the Lionheart
20%
TV Show 2007 Robot Chicken
20%
TV Short 2007 Robot Chicken: Star Wars
20%
Film TBA Robot Dracula
20%
Documentary 2011 Santiago Files
20%
TV Show 1967 Sat'day While Sunday
20%
Film 1990 Schweitzer
20%
Web Series 2020 Scooby-Doo and Guess Who?
20%
Film 2015 Scooby-Doo! Moon Monster Madness
20%
TV Film 1994 Seasons of the Heart
20%
TV Film 2002 Shadow Realm
20%
Documentary 1995 Sharks of the Red Triangle
20%
TV Film 1978 She Fell Among Thieves
20%
Film 2021 She Will
20%
Film 2014 Shock Value
20%
Film 2012 Silent Hill: Revelation
20%
Film 2012 Silent Night
20%
Music Video 2009 Snuff
20%
Film 2014 Some Kind of Beautiful
20%
TV Show 2022-Present Son of a Critch
20%
TV Show 2000 South Park
20%
TV Show 2024 SpongeBob SquarePants
20%
Documentary 2001 Stanley Kubrick: A Life in Pictures
20%
TV Show 2018 Star Wars Rebels
20%
TV Show 1967 St. Ives
20%
TV Film 2000 St. Patrick: The Irish Legend
20%
Film TBA Summerhouse
20%
Short Film 2009 Super Rhino
20%
TV Show 1991 Tales from the Crypt
20%
Film 2014 Tbilisi, I Love You
20%
TV Show 2003, 2004 Teen Titans
20%
TV Show 2020 Teen Titans Go!
20%
Short Film 2024 Theater of Mystery
20%
Film 2020 The Big Ugly
20%
Film 2016 The Black Hole
20%
Film 2010 The Book of Eli
20%
Film 2020 The Christmas Chronicles: Part Two
20%
Film 2003 The Company
20%
Documentary 1982 The Compleat Beatles
20%
TV Film 2006 The Curse of King Tut's Tomb
20%
TV Film 2000 The David Cassidy Story
20%
Video Game 2014 The Elder Scrolls Online
20%
Video Game 2019 The Elder Scrolls Online: Elsweyr
20%
Video Game 2020 The Elder Scrolls Online: Greymoor
20%
Video Game 2017 The Elder Scrolls Online: Morrowind
20%
Video Game 2018 The Elder Scrolls Online: Summerset
20%
Short Film 2008 The Evening Journey
20%
Film 1998 The Fairy King of Ar
20%
Documentary Series 1996 The Great War and the Shaping of the 20th Century
20%
TV Show 2005 The Grim Adventures of Billy & Mandy
20%
TV Show 2012 The High Fructose Adventures of Annoying Orange
20%
TV Film 1996 The Little Riders
20%
Film 2024 Thelma
20%
TV Show 1997 The Magic School Bus
20%
TV Film 1995 The Man Who Wouldn't Die
20%
TV Show 1967 The Newcomers
20%
TV Show 1999 The Outer Limits
20%
Film TBA The Panic
20%
Film 2024 The Partisan
20%
TV Film 2012 The Philadelphia Experiment
20%
TV Film 1994 The Second Greatest Story Ever Told
20%
Film 2008 The Secret Adventures of Mr. Grant
20%
Theater 1965 The Thwarting of Baron Bolligrew
20%
Film 2011 The Unleashed
20%
Film 2001 The Void
20%
Film 2022 The Walk
20%
TV Show 1969 The Wednesday Play
20%
Short Film 1979 Tigers Are Better-Looking
20%
Film 2020 Timecrafters: The Treasure of Pirate's Cove
20%
Film 2010 Tom and Jerry Meet Sherlock Holmes
20%
Film 2020 Trick and Treats
20%
Film TBA Trick and Treats
20%
TV Show 2015-2016 TripTank
20%
Web Series 2020 Truth Seekers
20%
Theater 1966, 1968 Twelfth Night
20%
Film 2017 Walk of Fame
20%
TV Mini-Series 2007 War and Peace
20%
TV Show 2017, 2018 We Bare Bears
20%
TV Show 2017 Welcome to the Wayne
20%
Video Game 2009 Wet
20%
TV Show 1996 Wing Commander Academy
20%
Video Game 1994 Wing Commander III: Heart of the Tiger
20%
Video Game 1996 Wing Commander IV: The Price of Freedom
20%
Film 2017 Yamasong: March of the Hollows
20%
TV Film 1996 Yesterday's Target
20%
TV Show 1967 Z Cars
20%
Film 2013 Zombex
20%
Video Game 2016 Call of Duty: Revelations
0%
TV Documentary 2000 Faces of Evil
0%
Theater 1966 Henry VI
0%
Documentary Series 2008 Heroes Unmasked
0%
Film 2004 In Good Company
0%
Documentary 1987 It Was 20 Years Ago Today
0%
Documentary TBA Johnnie Be Good
0%
Commercial 2008 Kay Jewelers
0%
TV Show 1976 Laurence Olivier Presents
0%
TV Film 2010 LEGO Hero Factory: Rise of the Rookies
0%
Short Documentary 2007 Lost Kubrick: The Unfinished Films of Stanley Kubrick
0%
Short Documentary 2011 Malcolm McDowell Looks Back
0%
Documentary 2013 Masterpiece: Frank Miller's the Dark Knight Returns
0%
Commercial 1990s McDonald's
0%
Film 2023 Metalocalypse: Army of the Doomstar
0%
Documentary 1998 Nazis: The Occult Conspiracy
0%
Music Video 2014 #NEWGOREORDER
0%
Documentary 2024 Norman's Rare Guitars Documentary
0%
Documentary 2006 O Lucky Malcolm!
0%
Documentary Series 1995, 2005 Shark Week
0%
Commercial 2015 'Show Hole' - Amazon Fire TV
0%
Commercial 2013 Sprint One Up
0%
Theater 1966 Squire Puntilla and His Man Matti
0%
Short Film 2010 Superman/Shazam!: The Return of Black Adam
0%
TV Film 1996 Superman: The Last Son of Krypton
0%
Short Documentary 1997 The Big Brass Ring
0%
Video Game 2024 The Elder Scrolls Online: Gold Road
0%
Theater 1995 The Importance of Being Wilde
0%
Short Documentary 2008 The Legion of Doom: The Pathology of the Super Villain
0%
Short Documentary 2016 The Search for Life in Space
0%
TV Show 2018 Unikitty!
0%
Film 2005 Zerkalnye Voyny: Otrazhenie Pervoe
0%
No matching quizzes found
Score Distribution
Percent of People with Each Score
Percentile by Number Answered
Your Score History
You have not taken this quiz since the last reset